000 00464nam a22001697a 4500
005 20241101124810.0
008 241101b |||||||| |||| 00| 0 eng d
020 _a9781854310095
100 _aBridge Jane & Black Jill
245 _aA Practical Approach to Family Law
250 _aSecond Edition
260 _aLondon
_bBlackstone Press Limited
_c1989
300 _axxx, 431 pages
_c22 cm
500 _aIncludes index
650 _2Family Law
942 _2lcc
_cBK
_n0
999 _c514
_d514